000 00255nam a22001217a 4500
020 _a817826859-0
082 _a494
_bROH/N
245 _aNAITHIK KADHAOM
260 _aDELHI
_bROHAN BOOK COMPANY
300 _a16
650 _aHINDI STORY
_zDELHI
942 _cBK
999 _c4936
_d4936